000 00875nam a22002537a 4500
999 _c6270
_d6270
001 6270
003 BD-JhCC
005 20180118174604.0
008 180118s2006 xxu |||| |||| 00| 0 ben d
020 _a9843218960
035 _a(BD-JhCC)6270
040 _aBD-JhCC
_dBD-JhCC
041 _aeng
082 _a909.0976771
_bSAI 2006
100 _aসাঈদ, এডওয়ার্ড ডাব্লউ
245 _aকাভারিং ইসলাম /
_cএডওয়ার্ড ডাব্লউ সাঈদ অনুবাদ ফয়েজ আলম
260 _aঢাকা :
_bমাওলা ব্রাদার্স,
_c২০০৬.
300 _a১৯৬ পৃ. :
_c২২ সেমি.
504 _aIncludes Bibliography
650 _aIslam
_zPublic Opinion
700 _aফয়েজ আলম
942 _2ddc
_cBK